LIBRARY & INFORMATION CENTRE, KCAET, TAVANUR

ONLINE PUBLIC ACCESS CATALOGUE (OPAC)

Aids to the Analysis of food and drugs / (Record no. 758)

MARC details
000 -LEADER
fixed length control field 00413cam a2200157ua 4500
041 ## - LANGUAGE CODE
Language code of text/sound track or separate title eng
082 ## - DEWEY DECIMAL CLASSIFICATION NUMBER
Classification number 664.07
Item number NIC/AI
100 ## - MAIN ENTRY--AUTHOR NAME
Personal name Nicholls, John Ralph .
245 ## - TITLE STATEMENT
Title Aids to the Analysis of food and drugs /
250 ## - EDITION STATEMENT
Edition statement 7 /
260 ## - PUBLICATION, DISTRIBUTION, ETC. (IMPRINT)
Place of publication :
Name of publisher Bailliere Tindall and cox ,
Year of publication 1952.
300 ## - PHYSICAL DESCRIPTION
Number of Pages 516 ; .
942 ## - ADDED ENTRY ELEMENTS (KOHA)
Koha item type Books
Holdings
Withdrawn status Lost status Damaged status Home library Current library Date acquired Full call number Accession Number Koha item type
Withdrawn   Damaged KAUAET KAUAET 07/04/2012 664.07 10917 Books
free website counter